Nuevas tecnologías aplicadas a las didácticas especiales

Wedi'i Gadw mewn:
Manylion Llyfryddiaeth
Prif Awduron: Cebrián de la Serna, Manuel (Awdur), Ríos Ariza, José Manuel (Awdur)
Fformat: Llyfr
Iaith:Sbaeneg
Cyhoeddwyd: Madrid Pirámide 2000
Cyfres:Colección Psicología. Sección Pedagogía
Pynciau:
Tagiau: Ychwanegu Tag
Dim Tagiau, Byddwch y cyntaf i dagio'r cofnod hwn!

MARC

LEADER 00000nam a2200000 a 4500
001 UCN2879
003 CL-VaPUC
008 010615e20000000SP |||||||||||||||||spa|d
082 0 4 |a 371.3  |b CEB  |2 21 
100 0 |a Cebrián de la Serna, Manuel  |e author  |9 459113 
700 0 |a Ríos Ariza, José Manuel  |e author  |9 459114 
245 1 0 |a Nuevas tecnologías aplicadas a las didácticas especiales 
300 |a 259 p 
942 |c BK 
945 |d 20010615 00:00:00  |a cmena 
260 |a Madrid  |b Pirámide  |c 2000 
650 0 |a Métodos de enseñanza  |9 270413 
650 0 |a Tecnología educacional  |9 307265 
650 0 |a Educación lingüística  |9 306506 
650 0 |a Educación básica   |9 224933 
650 0 |a Educación especial  |9 307486 
650 0 |a Educación de adultos  |9 307580 
583 |a last modification  |c 20010615 00:00:00  |k Rodrigo Vera 
490 0 |a Colección Psicología. Sección Pedagogía 
999 |c 295898  |d 295896 
952 |0 0  |1 0  |4 0  |6 371_300000000000000_CEB_2000  |7 0  |8 A  |9 349332  |a BIBEDU  |b BIBEDU  |d 2019-11-20  |i 3733149  |o 371.3 CEB 2000  |p 3733149  |r 2019-11-20  |w 2019-11-20  |y BK  |k EPE 
952 |0 0  |1 0  |4 0  |6 371_300000000000000_CEB_2000  |7 0  |8 A  |9 349333  |a BIBEDU  |b BIBEDU  |d 2019-11-20  |i 3805263  |o 371.3 CEB 2000  |p 3805263  |r 2019-11-20  |w 2019-11-20  |y BK  |k EDU